01326cam a2200217Ia 4500020001800000020001500018040001000033082002600043100002000069245007700089260007600166300002600242490002700268520062300295650001900918650001900937700002000956700001900976710006100995856005201056 a9789251064559 a9251064555 cBTCTA a341 FOO 2010 A066 Or.1 aMorgera, Elisa.10aCase studies on bioenergy policy and law :boptions for sustainability / aRome :bFood and Agriculture Organization of the United Nations,c2010. avii, 395 p. ;c24 cm.1 aFAO legislative study, aSound policy and legal frameworks for bioenergy are necessary to ensure that socio-economic and environmental sustainability considerations are taken into account in the production, promotion and use of bioenergy, with a view to minimizing risks of negative impacts and maximizing benefits in the immediate and long term. Through a series of case studies, this publication aims at identifying specific recommendations for policy-makers and legal drafters to ensure that policy and legal instruments on bioenergy contribute to food security, rural development and environmental sustainability.--Publisher's description. 0aBiomass energy 0aBiomass energy1 aKulovesi, Kati.1 aGobena, Ambra.2 aFood and Agriculture Organization of the United Nations.41uhttp://www.fao.org/docrep/012/i1285e/i1285e.pdf